| 000 | 00650nam a22002057a 4500 | ||
|---|---|---|---|
| 003 | OSt | ||
| 008 | 250220b |||||||| |||| 00| 0 eng d | ||
| 020 | _a503000033x | ||
| 082 |
_a660 _bK97B |
||
| 100 | _aKutepov, A. M. | ||
| 245 |
_aBasic Chemical Engineering with Practical Applications : _cby A. M. Kutepov, T. I. Bondareva and M. G. Berengarten |
||
| 260 |
_a.- Moscoe _b: Mir Publishers _c, 1988 |
||
| 300 | _a464p. | ||
| 650 | _aTechnology (Applied Sciences) | ||
| 650 | _aChemical Engineering and Related Technologies | ||
| 650 | _aChemical Engineering | ||
| 700 | _aBondareva, T. I. | ||
| 700 | _aBerengarten, M. G. | ||
| 942 |
_2ddc _cDB |
||
| 999 |
_c47530 _d47530 |
||